[Event "San Francisco TNM Fall op"]
[Site "San Francisco"]
[Date "2011.11.08"]
[Round "4"]
[White "Standen, Julian"]
[Black "Siddarth, Bannik"]
[Result "0-1"]
[WhiteElo "1686"]
[BlackElo "1974"]
[PlyCount "22"]
[EventDate "2011.10.18"]
[EventType "swiss"]
[EventRounds "9"]
[EventCountry "USA"]
[SourceTitle "EXT 2016"]
[Source "ChessBase"]
[SourceDate "2015.10.08"]
[SourceVersion "1"]
[SourceVersionDate "2015.10.08"]
[SourceQuality "1"]

1. d4 d5 2. Nf3 Nf6 3. e3 g6 4. Bd3 Bg7 5. Nbd2 0-0 6. 0-0 c5 7. c3 Nc6 8. dxc5 Nd7 9. Nb3 e5 10. e4 Nf6 11. Re1 dxe4 0-1